Efektívny tím - vaša konkurenčná výhoda

Ako sa vyvíja pracovný tím. Tímová synergia. Negatívne javy v tíme. Nefunkčnosť tímu. Odmeňovanie tímu.

Guardado en:
Detalles Bibliográficos
Autor principal: Jakubíková, Monika
Formato: Capítulo de libro
Lenguaje:eslovaco
Materias:
Etiquetas: Agregar Etiqueta
Sin Etiquetas, Sea el primero en etiquetar este registro!

MARC

LEADER 00000naa a2200000 4500
001 0248661
005 20181107083302.7
041 0 |a slo 
044 |a SK 
245 1 0 |a Efektívny tím - vaša konkurenčná výhoda  |c Monika Jakubíková 
520 |a Ako sa vyvíja pracovný tím. Tímová synergia. Negatívne javy v tíme. Nefunkčnosť tímu. Odmeňovanie tímu. 
610 2 0 |a tímy pracovné 
610 2 0 |a vzťahy pracovné 
610 2 0 |a vzťahy medziľudské 
610 2 0 |a motivácia pracovná 
610 2 0 |a synergia 
610 2 0 |a konflikty 
610 2 0 |a odmeny 
610 2 0 |a odmeňovanie 
610 2 0 |a efektívnosť 
610 2 0 |a výhody konkurenčné 
100 1 |a Jakubíková, Monika